Statistics for Movies By 1 Actor and 1 Actress - 2020-2023

Click here to take the quiz!

General Stats

  • This quiz has been taken 29 times
  • The average score is 11 of 26

Answer Stats

CastMovie% Correct
Robert Pattinson, Zoe KravitzThe Batman
93%
Cillian Murphy, Emily BluntOppenheimer
85%
Anya Taylor-Joy, Ralph FiennesThe Menu
81%
Timothee Chalamet, ZendayaDune
74%
Tom Cruise, Jennifer ConnellyTop Gun: Maverick
67%
Letitia Wright, Winston DukeBlack Panther: Wakanda Forever
63%
Michelle Yeoh, Ke Huy QuanEverything, Everywhere All At Once
63%
Leonardo DiCaprio, Jennifer LawrenceDon't Look Up
59%
Chris Pratt, Zoe SaldanaGuardians of the Galaxy vol. 3
56%
Paul Rudd, Michelle PfeifferAnt-Man & The Wasp: Quantumania
52%
Dwayne Johnson, Gal GadotRed Notice
48%
Michael B. Jordan, Tessa ThompsonCreed III
44%
Alexander Skarsgard, Nicole KidmanThe Northman
37%
Margot Robbie, Bryan CranstonAsteroid City
33%
Adam Sandler, Queen LatifahHustle
30%
Benicio del Toro, Lea SeydouxThe French Dispatch
30%
Mary Elizabeth Winstead, Woody HarrelsonKate
22%
Denzel Washington, Frances McDormandThe Tragedy of Macbeth
22%
Anya Taylor-Joy, Chris HemsworthFuriosa
19%
Frank Grillo, Naomi WattsBoss Level
15%
Rosamund Pike, Peter DinklageI Care A Lot
15%
Jonathan Majors, Zazie BeetzThe Harder They Fall
15%
Kevin Hart, Kaley CuocoThe Man From Toronto
15%
Sandra Bullock, Jon BernthalThe Unforgivable
15%
Kevin Hart, Regina HallMe Time
11%
Thomasin McKenzie, Rufus SewellOld
11%

Score Distribution

Percentile by Number Answered

Percent of People with Each Score

Your Score History

You have not taken this quiz